000 00523cam a2200205ua 4500
041 _aeng
_h
082 _a630.1076
_bGAR/QU
100 _aGarg, M K .
245 _aQuestion bank on agricultural and food engineering /
_cM K Garg.
_hTextual Documents
250 _a1 /
_b.
260 _aNewdelhi :
_bRelience publishers ,
_c2000.
300 _a233 ; .
500 _a**Reference
504 _a
700 1 _aChandra, Pitam .
942 _cBK
999 _c6890
_d6890